<?xml version="1.0" encoding="UTF-8"?>
<record
    xmlns:xsi="http://www.w3.org/2001/XMLSchema-instance"
    xsi:schemaLocation="http://www.loc.gov/MARC21/slim http://www.loc.gov/standards/marcxml/schema/MARC21slim.xsd"
    xmlns="http://www.loc.gov/MARC21/slim">

  <leader>01194nam a22002657a 4500</leader>
  <controlfield tag="005">20170124103144.0</controlfield>
  <datafield tag="010" ind1=" " ind2=" ">
    <subfield code="a">B-103341</subfield>
  </datafield>
  <datafield tag="020" ind1=" " ind2=" ">
    <subfield code="c">250.00</subfield>
    <subfield code="a">8177141031</subfield>
  </datafield>
  <datafield tag="035" ind1=" " ind2=" ">
    <subfield code="a">B-103341</subfield>
  </datafield>
  <datafield tag="037" ind1=" " ind2=" ">
    <subfield code="b">Cen Lib/Ret</subfield>
  </datafield>
  <datafield tag="040" ind1=" " ind2=" ">
    <subfield code="a">DPL</subfield>
    <subfield code="b">HN</subfield>
  </datafield>
  <datafield tag="082" ind1=" " ind2=" ">
    <subfield code="a">332.10285</subfield>
    <subfield code="b">&#x930;&#x93E;&#x92F;&#x939;</subfield>
  </datafield>
  <datafield tag="100" ind1=" " ind2=" ">
    <subfield code="a">&#x930;&#x93E;&#x92F;, &#x939;&#x930;&#x93F;&#x92F;&#x936; </subfield>
    <subfield code="9">85676</subfield>
  </datafield>
  <datafield tag="245" ind1=" " ind2=" ">
    <subfield code="a">&#x938;&#x942;&#x91A;&#x928;&#x93E; &#x924;&#x915;&#x928;&#x940;&#x915; :</subfield>
    <subfield code="c">&#x939;&#x930;&#x93F;&#x92F;&#x936; &#x930;&#x93E;&#x92F;</subfield>
    <subfield code="b">&#x92C;&#x93E;&#x91C;&#x93E;&#x930; &#x90F;&#x935;&#x902; &#x92C;&#x948;&#x902;&#x915;&#x93F;&#x902;&#x917; /</subfield>
  </datafield>
  <datafield tag="246" ind1=" " ind2=" ">
    <subfield code="a">Soochna taknik : bajar ewam banking /</subfield>
    <subfield code="b">by Hariyash Ray </subfield>
  </datafield>
  <datafield tag="260" ind1=" " ind2=" ">
    <subfield code="b">&#x92A;&#x94D;&#x930;&#x915;&#x93E;&#x936;&#x928; &#x938;&#x902;&#x938;&#x94D;&#x925;&#x93E;&#x928; </subfield>
    <subfield code="c">2003</subfield>
    <subfield code="a">&#x928;&#x92F;&#x940; &#x926;&#x93F;&#x932;&#x94D;&#x932;&#x940;</subfield>
  </datafield>
  <datafield tag="270" ind1=" " ind2=" ">
    <subfield code="a">4715/21, &#x926;&#x92F;&#x93E;&#x928;&#x928;&#x94D;&#x926; &#x92E;&#x93E;&#x930;&#x94D;&#x917;, &#x926;&#x930;&#x93F;&#x92F;&#x93E;&#x917;&#x902;&#x91C;</subfield>
    <subfield code="b">&#x928;&#x92F;&#x940; &#x926;&#x93F;&#x932;&#x94D;&#x932;&#x940;</subfield>
    <subfield code="e">110002</subfield>
  </datafield>
  <datafield tag="300" ind1=" " ind2=" ">
    <subfield code="a">165&#x92A;&#x943;. </subfield>
    <subfield code="c">21&#x938;&#x947;&#x92E;&#x940;(&#x938;&#x91C;&#x93F;&#x932;&#x94D;&#x926;)</subfield>
  </datafield>
  <datafield tag="500" ind1=" " ind2=" ">
    <subfield code="a">&#x938;&#x902;&#x926;&#x930;&#x94D;&#x92D; &#x936;&#x93E;&#x92E;&#x93F;&#x932; </subfield>
  </datafield>
  <datafield tag="650" ind1=" " ind2=" ">
    <subfield code="a">&#x938;&#x902;&#x91A;&#x93E;&#x930; &#x938;&#x93E;&#x927;&#x928; -- &#x938;&#x942;&#x91A;&#x928;&#x93E; &#x938;&#x92E;&#x93E;&#x91C; </subfield>
    <subfield code="9">85677</subfield>
  </datafield>
  <datafield tag="650" ind1=" " ind2=" ">
    <subfield code="a">&#x938;&#x942;&#x91A;&#x928;&#x93E; &#x924;&#x915;&#x928;&#x940;&#x915; &#x935;&#x93F;&#x927;&#x947;&#x92F;&#x915; </subfield>
    <subfield code="9">85678</subfield>
  </datafield>
  <datafield tag="650" ind1=" " ind2=" ">
    <subfield code="a">Communication - Information society</subfield>
    <subfield code="9">85679</subfield>
  </datafield>
  <datafield tag="650" ind1=" " ind2=" ">
    <subfield code="a">Information Technology Bill</subfield>
    <subfield code="9">85680</subfield>
  </datafield>
  <datafield tag="942" ind1=" " ind2=" ">
    <subfield code="2">ddc</subfield>
    <subfield code="c">HN</subfield>
    <subfield code="h">332.10285</subfield>
    <subfield code="m">&#x930;&#x93E;&#x92F;&#x939;</subfield>
  </datafield>
  <datafield tag="999" ind1=" " ind2=" ">
    <subfield code="c">119581</subfield>
    <subfield code="d">119581</subfield>
  </datafield>
  <datafield tag="952" ind1=" " ind2=" ">
    <subfield code="0">0</subfield>
    <subfield code="1">0</subfield>
    <subfield code="4">0</subfield>
    <subfield code="7">0</subfield>
    <subfield code="a">L</subfield>
    <subfield code="b">L</subfield>
    <subfield code="d">2015-09-17</subfield>
    <subfield code="e">Cen Lib/Ret</subfield>
    <subfield code="g">250.00</subfield>
    <subfield code="l">0</subfield>
    <subfield code="o">332.10285 &#x930;&#x93E;&#x92F;&#x939;</subfield>
    <subfield code="p">B-103341</subfield>
    <subfield code="r">2015-09-17 00:00:00</subfield>
    <subfield code="t">1</subfield>
    <subfield code="v">250.00</subfield>
    <subfield code="w">2015-09-17</subfield>
    <subfield code="y">HN</subfield>
  </datafield>
</record>
